[Event "Arco op 44th"]
[Site "Arco"]
[Date "2022.10.12"]
[Round "5"]
[White "Ochedzan, Filip"]
[Black "Astengo, Corrado"]
[Result "1/2-1/2"]
[WhiteElo "1676"]
[BlackElo "2008"]
[PlyCount "84"]
[EventDate "2022.10.08"]
[EventType "swiss"]
[EventRounds "9"]
[EventCountry "ITA"]
[SourceTitle "CBM 210 Extra"]
[Source "ChessBase"]
[SourceDate "2022.11.30"]
[SourceVersion "1"]
[SourceVersionDate "2022.11.30"]
[SourceQuality "1"]

1. e4 c5 2. Nf3 e6 3. d4 cxd4 4. Nxd4 a6 5. Bd3 Nc6 6. Nxc6 dxc6 7. Bf4 Nf6 8. 0-0 Be7 9. Nd2 b5 10. a4 Bb7 11. Qe2 0-0 12. Rfd1 Qb6 13. c4 b4 14. e5 Nd7 15. Ne4 Rfd8 16. Qh5 Nf8 17. Bg5 Bxg5 18. c5 Qc7 19. Qxg5 Ng6 20. Nd6 a5 21. h4 h6 22. Qg3 Ne7 23. h5 Rf8 24. Qg4 Ba6 25. Bxa6 Rxa6 26. Rd3 Nd5 27. Rg3 f6 28. Qxe6+ Kh8 29. exf6 Rxf6 30. Qe2 Qa7 31. Qg4 Rf4 32. Qc8+ Kh7 33. Qe8 Qe7 34. Qxe7 Nxe7 35. Re1 Ra7 36. Re6 Rd7 37. Ne8 Nf5 38. Rf3 Rxf3 39. gxf3 Nd4 40. Rd6 Nxf3+ 41. Kg2 Rxd6 42. cxd6 Ne5 1/2-1/2

[Event "EU-ch Schools U11"]
[Site "Rhodes"]
[Date "2022.04.25"]
[Round "5"]
[White "Gabadadze, Gabriel"]
[Black "Ochedzan, Filip"]
[Result "0-1"]
[WhiteElo "1507"]
[BlackElo "1873"]
[PlyCount "126"]
[EventDate "2022.04.21"]
[EventType "swiss"]
[EventRounds "9"]
[EventCountry "GRE"]
[SourceTitle "CBM 208 Extra"]
[Source "ChessBase"]
[SourceDate "2022.07.31"]
[SourceVersion "1"]
[SourceVersionDate "2022.07.31"]
[SourceQuality "1"]

1. e4 c5 2. Nf3 d6 3. c3 Nf6 4. Bb5+ Nbd7 5. Qe2 a6 6. Ba4 b5 7. Bc2 Bb7 8. d4 e6 9. a4 bxa4 10. Rxa4 Be7 11. 0-0 0-0 12. Re1 e5 13. d5 Ne8 14. c4 g6 15. Bh6 Ng7 16. Ra3 Bc8 17. Nfd2 Bg5 18. Bxg5 Qxg5 19. Rg3 Qe7 20. Nf1 Rb8 21. b3 Nf6 22. Rc3 Nfh5 23. g3 Qg5 24. Qe3 Qd8 25. Qe2 f5 26. f3 Nf6 27. Kg2 g5 28. Ne3 f4 29. Nd1 g4 30. Nf2 gxf3+ 31. Rxf3 Nfh5 32. Rf1 Qg5 33. Nc3 Bd7 34. Qd2 Qg6 35. Ne2 fxg3 36. Rxf8+ Rxf8 37. hxg3 Nf4+ 38. Nxf4 exf4 39. Nh1 f3+ 40. Rxf3 Bh3+ 41. Kf2 Rxf3+ 42. Kxf3 Qf6+ 43. Ke3 Qh6+ 44. Ke2 Bg4+ 45. Kd3 Qxh1 46. Qg5 Qf3+ 47. Kd2 h5 48. Qd8+ Qf8 49. Qg5 Qe8 50. Ke3 Qe5 51. Qxe5 dxe5 52. b4 cxb4 53. c5 Kf8 54. Kd3 a5 55. Ba4 Ke7 56. d6+ Kd8 57. c6 Ne8 58. c7+ Nxc7 59. dxc7+ Kxc7 60. Kc4 Be6+ 61. Kb5 b3 62. Kxa5 b2 63. Bc2 Ba2 0-1

[Event "Marienske Lazne op 20th"]
[Site "Marianske Lazne"]
[Date "2022.01.21"]
[Round "8"]
[White "Van Herck, Marcel"]
[Black "Ochedzan, Filip"]
[Result "1/2-1/2"]
[WhiteElo "1983"]
[BlackElo "1766"]
[PlyCount "80"]
[EventDate "2022.01.15"]
[EventType "swiss"]
[EventRounds "9"]
[EventCountry "CZE"]
[SourceTitle "CBM 206 Extra"]
[Source "ChessBase"]
[SourceDate "2022.03.31"]
[SourceVersion "1"]
[SourceVersionDate "2022.03.31"]
[SourceQuality "1"]

1. c4 e5 2. Nc3 Nf6 3. Nf3 Nc6 4. g3 d5 5. cxd5 Nxd5 6. Bg2 Nb6 7. 0-0 Be7 8. d3 0-0 9. Be3 Re8 10. Na4 Bf8 11. Nxb6 axb6 12. a3 Nd4 13. Rc1 Bg4 14. Bxd4 exd4 15. Re1 Qd7 16. Nd2 c5 17. Bf3 Bxf3 18. Nxf3 Re6 19. Kg2 Rae8 20. Qd2 Bd6 21. e4 dxe3 22. Rxe3 Rf6 23. Rce1 Rxe3 24. Rxe3 Re6 25. Qe2 Rxe3 26. Qxe3 h6 27. Nd2 Be7 28. a4 Bg5 29. f4 Bf6 30. b3 Bd4 31. Qe4 b5 32. axb5 Qxb5 33. Kf1 Qa5 34. Ke2 Qa7 35. Qe8+ Kh7 36. Qxf7 Bc3 37. Qf5+ Kh8 38. Qf8+ Kh7 39. Qf5+ Kh8 40. Qf8+ Kh7 1/2-1/2

[Event "Marienske Lazne op 20th"]
[Site "Marianske Lazne"]
[Date "2022.01.19"]
[Round "6"]
[White "Azhar, Puteri Rifqah Fahad"]
[Black "Ochedzan, Filip"]
[Result "1-0"]
[WhiteElo "1939"]
[BlackElo "1766"]
[PlyCount "105"]
[EventDate "2022.01.15"]
[EventType "swiss"]
[EventRounds "9"]
[EventCountry "CZE"]
[SourceTitle "CBM 206 Extra"]
[Source "ChessBase"]
[SourceDate "2022.03.31"]
[SourceVersion "1"]
[SourceVersionDate "2022.03.31"]
[SourceQuality "1"]

1. e4 c5 2. Nf3 d6 3. d4 cxd4 4. Nxd4 Nf6 5. Nc3 a6 6. Be2 e5 7. Nb3 Be7 8. Be3 Be6 9. f3 h5 10. Qd2 Nbd7 11. Nd5 Bxd5 12. exd5 Qc7 13. c4 b6 14. 0-0 h4 15. f4 h3 16. g3 exf4 17. Bxf4 Ne5 18. Rae1 Kf8 19. Nd4 Kg8 20. Nf5 Bf8 21. Nh6+ gxh6 22. Bxe5 dxe5 23. Rxf6 Qc5+ 24. Kh1 Be7 25. Rf5 f6 26. Ref1 Rd8 27. Qd3 Rh7 28. Rh5 Kh8 29. Bd1 Rg8 30. Bc2 Rgg7 31. Qe2 Qd4 32. Bxh7 Kxh7 33. Rd1 Qc5 34. Qc2+ Rg6 35. Rxh3 Qc8 36. Rh5 Qg4 37. Rf5 Kg7 38. d6 Bd8 39. Rdf1 Qd4 40. Rd1 Qe3 41. Qd3 Qc5 42. h3 b5 43. cxb5 axb5 44. d7 Qb4 45. b3 Qa3 46. Rf2 Qc5 47. Rc2 Qb6 48. Kh2 Qe6 49. Rc8 e4 50. Qd4 Qf5 51. Rxd8 Rxg3 52. Rg8+ Kh7 53. Rxg3 1-0

[Event "Marienske Lazne op 20th"]
[Site "Marianske Lazne"]
[Date "2022.01.15"]
[Round "1"]
[White "Balje, Jan"]
[Black "Ochedzan, Filip"]
[Result "1-0"]
[WhiteElo "2198"]
[BlackElo "1766"]
[PlyCount "79"]
[EventDate "2022.01.15"]
[EventType "swiss"]
[EventRounds "9"]
[EventCountry "CZE"]
[SourceTitle "CBM 206 Extra"]
[Source "ChessBase"]
[SourceDate "2022.03.31"]
[SourceVersion "1"]
[SourceVersionDate "2022.03.31"]
[SourceQuality "1"]

1. d4 d5 2. c4 dxc4 3. e4 Nf6 4. e5 Nd5 5. Bxc4 Nb6 6. Bb3 Nc6 7. Ne2 Bg4 8. Nbc3 e6 9. 0-0 Be7 10. Be3 Qd7 11. Qc1 Nb4 12. Ng3 c6 13. Nce4 N4d5 14. Nc5 Qc8 15. Bg5 0-0 16. Bxe7 Nxe7 17. Qg5 h5 18. Qxe7 Nd5 19. Qxb7 Qd8 20. h3 Bxh3 21. Bxd5 cxd5 22. Qb3 Qh4 23. gxh3 Qxh3 24. Qf3 h4 25. Qh5 g6 26. Qh6 Rad8 27. Rad1 Qg4 28. Rd3 f5 29. Nxe6 Rf7 30. Qg5 Re8 31. Qxg4 fxg4 32. Ng5 Rf5 33. Nxf5 gxf5 34. f4 h3 35. Kh2 Rb8 36. Rb3 Rc8 37. Rc3 Rb8 38. b3 Rb7 39. Rfc1 Rc7 40. Rxc7 1-0

[Event "Cattolica op-B 8th"]
[Site "Cattolica"]
[Date "2021.05.31"]
[Round "5"]
[White "Nemetz, Markus"]
[Black "Ochedzan, Filip"]
[Result "0-1"]
[WhiteElo "1867"]
[BlackElo "1651"]
[PlyCount "118"]
[EventDate "2021.05.27"]
[EventType "swiss"]
[EventRounds "7"]
[EventCountry "ITA"]
[SourceTitle "CBM 203 Extra"]
[Source "ChessBase"]
[SourceDate "2021.09.30"]
[SourceVersion "1"]
[SourceVersionDate "2021.09.30"]
[SourceQuality "1"]

1. d4 d5 2. c4 dxc4 3. e4 Nf6 4. e5 Nd5 5. Bxc4 Nb6 6. Bd3 Nc6 7. Ne2 Bg4 8. Be3 e6 9. Nbc3 Be7 10. 0-0 Qd7 11. Rc1 Rd8 12. f3 Bh5 13. Be4 0-0 14. Qc2 Bg6 15. Rfd1 Nb4 16. Qb1 N4d5 17. Bd2 c6 18. Kh1 Nc4 19. Nxd5 exd5 20. Bxg6 hxg6 21. b3 Nxd2 22. Rxd2 Kh7 23. f4 Rh8 24. Rf1 Kg8 25. Rd3 Rh6 26. Rdf3 Qf5 27. Qd1 Bh4 28. Ng3 Bxg3 29. Rxg3 Qh5 30. Qxh5 Rxh5 31. Rc3 Rd7 32. b4 Kf8 33. h3 Ke7 34. g4 Rh6 35. Kg2 f5 36. Re1 Rd8 37. Ree3 Ke6 38. Rg3 Rd7 39. Ra3 a6 40. Rae3 Rc7 41. gxf5+ gxf5 42. Rg5 g6 43. Reg3 Rg7 44. h4 Kf7 45. Rh3 Rgh7 46. Kg3 Rh8 47. h5 Rxh5 48. Rhxh5 Rxh5 49. Rxh5 gxh5 50. Kh4 Kg6 51. e6 Kf6 52. Kxh5 Kxe6 53. Kg6 b6 54. a4 c5 55. dxc5 bxc5 56. b5 axb5 57. a5 Kd6 58. Kxf5 b4 59. a6 Kc6 0-1

[Event "Budapest FS05 FM"]
[Site "Budapest"]
[Date "2021.05.04"]
[Round "4"]
[White "Ochedzan, Filip"]
[Black "Mayer, Istvan"]
[Result "1-0"]
[WhiteElo "1651"]
[BlackElo "1835"]
[PlyCount "36"]
[EventDate "2021.05.01"]
[EventType "tourn"]
[EventRounds "10"]
[EventCountry "HUN"]
[SourceTitle "CBM 202 Extra"]
[Source "ChessBase"]
[SourceDate "2021.07.31"]
[SourceVersion "1"]
[SourceVersionDate "2021.07.31"]
[SourceQuality "1"]

1. e4 e6 2. d4 d5 3. Nc3 dxe4 4. Nxe4 Nd7 5. Nf3 Ngf6 6. Bd3 c5 7. Nxf6+ Nxf6 8. 0-0 cxd4 9. Nxd4 Be7 10. Bf4 0-0 11. Nf3 b6 12. Bb5 Bb7 13. Qxd8 Rfxd8 14. Rad1 Rd5 15. Rxd5 Nxd5 16. Bg3 Bb4 17. Bd3 Bc6 18. Rd1 Rd8 1-0